000 00474nam a2200193Ia 4500
005 20230712113704.0
008 131103s9999 xx 000 0 und d
040 _aLoreto College
041 _aEnglish
082 _a631.4
_bJOF
100 _aJoff, Jacob S.
245 4 _aThe A B C of soils
260 _aNew Brunswick
_bPedology publication
_c1949
300 _a283p.
504 _aIncludes index
650 _aAgriculture - soils
850 _aLCLIB
942 _cBK
999 _c22146
_d72625